000 00463 a2200145 4500
245 _ahistory of Venice
_hprint
020 _a0679721975 (pbk.)
250 _a1st Vintage Books ed.
700 _aNorwich, John Julius
650 _aProgramming
005 20191017174057.0
260 _anyu
_bVintage Books
_c1989
084 _aDG676 .N67 1989
300 _axxvi, 673 p., [32] p. of plates : ill., maps
_b 21
_cxxvi, 673 p., [32] p. of plates : ill., maps ; 21
500 _aJohn Julius Norwich.
999 _c11131
_d11131